000 00236 a2200097 4500
001 41656
100 _aHaheshaw S
245 _aInteresting things to do in seminars No.53
260 _a
_bWhitch wall printing
_c
090 _c25792
_d25792
942 _aNUST-CAE
_cM
_c17549
999 _c276729
_d276729